Toutes les communes de Haute-Saône sur une carte - Statistiques

Statistiques générales
  • Ce quiz a été pris 401 fois
    176 depuis la dernière actualisation
  • Le résultat moyen est 68 sur 536
Réponses sur la Carte
Les réponses sont colorées sur une échelle allant du rouge au vert en fonction du pourcentage des utilisateurs qui les ont devinées à leur premier essai. Vous pouvez retrouver ces pourcentages ci-dessous.
 
Statistiques - réponses
Population Commune % Correct
15 130 Vesoul
95%
7 918 Lure
86%
6 659 Luxeuil-les-Bains
83%
5 551 Gray
81%
10 478 Héricourt
68%
3 780 Fougerolles-Saint-Valbert
52%
2 944 Saint-Loup-sur-Semouse
52%
694 Frotey-lès-Lure
49%
1 355 Frotey-lès-Vesoul
49%
2 420 Rioz
49%
2 746 Ronchamp
44%
1 001 Gy
43%
1 542 Jussey
43%
1 328 Fontaine-lès-Luxeuil
42%
1 981 Froideconche
42%
1 662 Mélisey
42%
2 977 Port-sur-Saône
42%
1 419 Villersexel
42%
1 618 Champlitte
40%
456 Faucogney-et-la-Mer
40%
647 Noidans-le-Ferroux
39%
1 976 Noidans-lès-Vesoul
39%
252 Dampierre-lès-Conflans
38%
780 Dampierre-sur-Linotte
38%
1 242 Dampierre-sur-Salon
38%
873 Saulx
38%
1 380 Quincey
36%
3 700 Champagney
35%
1 443 Pusey
35%
542 Pusy-et-Épenoux
35%
844 Raddon-et-Chapendu
35%
3 225 Échenoz-la-Méline
34%
2 451 Arc-lès-Gray
33%
586 Conflans-sur-Lanterne
33%
1 938 Saint-Sauveur
33%
1 530 Scey-sur-Saône-et-Saint-Albin
33%
217 La Vaivre
32%
1 251 Corbenay
31%
386 La Chapelle-lès-Luxeuil
31%
539 Montbozon
31%
1 077 Pesmes
31%
154 Vy-le-Ferroux
31%
135 Vy-lès-Filain
31%
707 Vy-lès-Lure
31%
75 Vy-lès-Rupt
31%
1 479 Aillevillers-et-Lyaumont
30%
1 596 Navenne
30%
978 Faverney
28%
1 863 Plancher-Bas
28%
2 428 Vaivre-et-Montoille
28%
646 Breuches
27%
314 La Neuvelle-lès-Lure
27%
171 La Neuvelle-lès-Scey
27%
146 Les Magny
27%
95 Magny-lès-Jussey
27%
788 Citers
26%
956 Plancher-les-Mines
26%
1 482 Roye
26%
210 Sainte-Marie-en-Chanois
26%
160 Sainte-Marie-en-Chaux
26%
319 Quers
25%
423 Saint-Bresson
25%
539 Combeaufontaine
24%
616 Breurey-lès-Faverney
23%
477 Colombe-lès-Vesoul
23%
282 Mailleroncourt-Charette
23%
1 525 Marnay
23%
616 Vauvillers
23%
664 Amance
22%
146 Andelarre
22%
596 Corre
22%
446 Esboz-Brest
22%
1 377 Frahier-et-Chatebier
22%
199 Pomoy
22%
1 364 Saint-Germain
22%
244 Andelarrot
20%
488 Baudoncourt
20%
238 Bouhans-et-Feurg
20%
290 Bouhans-lès-Lure
20%
124 Bouhans-lès-Montbozon
20%
483 Franchevelle
20%
245 Genevrey
20%
39 La Montagne
20%
505 Noroy-le-Bourg
20%
68 Ormoiche
20%
609 Polaincourt-et-Clairefontaine
20%
767 Servance-Miellin
20%
309 Amage
19%
234 Anchenoncourt-et-Chazel
19%
582 Bucey-lès-Gy
19%
139 Bucey-lès-Traves
19%
458 Fleurey-lès-Faverney
19%
104 Fleurey-lès-Lavoncourt
19%
131 Fleurey-lès-Saint-Loup
19%
258 Hautevelle
19%
191 Jasney
19%
340 Meurcourt
19%
551 Passavant-la-Rochère
19%
241 Autrey-lès-Cerre
18%
387 Autrey-lès-Gray
18%
86 Belfahy
18%
508 Bougnon
18%
404 Bouligney
18%
202 Brotte-lès-Luxeuil
18%
72 Brotte-lès-Ray
18%
1 242 Châlonvillars
18%
435 Colombier
18%
124 Montigny-lès-Cherlieu
18%
637 Montigny-lès-Vesoul
18%
297 Velleminfroy
18%
148 Ainvelle
17%
118 Bassigney
17%
210 Belonchamp
17%
173 Corravillers
17%
131 Cuve
17%
151 Écromagny
17%
137 Flagy
17%
704 Fresse
17%
364 Froideterre
17%
808 Luze
17%
1 368 Magny-Vernois
17%
58 Melin
17%
227 Mollans
17%
441 Saint-Rémy-en-Comté
17%
203 Velorcey
17%
306 Ailloncourt
16%
401 Auxon
16%
225 Chassey-lès-Montbozon
16%
123 Chassey-lès-Scey
16%
120 Dampvalley-lès-Colombe
16%
98 Esmoulières
16%
222 Filain
16%
526 La Côte
16%
206 La Lanterne-et-les-Armonts
16%
197 Mailleroncourt-Saint-Pancras
16%
330 Malbouhans
16%
222 Melincourt
16%
433 Neuvelle-lès-Cromary
16%
223 Neuvelle-lès-la-Charité
16%
213 Ray-sur-Saône
16%
1 095 Saint-Barthélemy
16%
344 Abelcourt
15%
143 Bourguignon-lès-Conflans
15%
109 Bourguignon-lès-la-Charité
15%
45 Bourguignon-lès-Morey
15%
723 Esprels
15%
445 Haut-du-Them-Château-Lambert
15%
131 Les Fessey
15%
427 Lyoffans
15%
282 Mersuay
15%
615 Moffans-et-Vacheresse
15%
354 Traves
15%
123 Vellefrie
15%
414 Amblans-et-Velotte
14%
302 Breuchotte
14%
237 Cerre-lès-Noroy
14%
349 Clairegoutte
14%
147 Comberjon
14%
353 Conflandey
14%
289 Échenoz-le-Sec
14%
117 Francalmont
14%
746 Fretigney-et-Velloreille
14%
205 La Longine
14%
356 Lantenot
14%
270 Larians-et-Munans
14%
111 La Voivre
14%
410 Magnoncourt
14%
623 Mailley-et-Chazelot
14%
773 Saulnot
14%
312 Villers-lès-Luxeuil
14%
66 Vilory
14%
163 Amont-et-Effreney
13%
319 Baulay
13%
143 Belmont
13%
272 Calmoutier
13%
612 Chagey
13%
825 Champey
13%
697 Chenebier
13%
718 Couthenans
13%
566 Échenans-sous-Mont-Vaudois
13%
218 Éhuns
13%
266 Frédéric-Fontaine
13%
40 La Pisseure
13%
362 Les Aynans
13%
117 Linexert
13%
474 Lomont
13%
446 Magny-Danigon
13%
283 Perrouse
13%
70 Plainemont
13%
292 Pontcey
13%
243 Briaucourt
11%
184 Cubry-lès-Faverney
11%
274 Dambenoît-lès-Colombe
11%
246 Errevet
11%
98 Fahy-lès-Autrey
11%
200 Fondremand
11%
130 Fontenois-la-Ville
11%
328 Fontenois-lès-Montbozon
11%
154 Genevreuille
11%
364 Gouhenans
11%
110 La Corbière
11%
43 La Rochelle
11%
325 Lavoncourt
11%
298 Menoux
11%
163 Montessaux
11%
38 Oricourt
11%
720 Pin
11%
64 Roche-sur-Linotte-et-Sorans-les-Cordiers
11%
209 Selles
11%
447 Sorans-lès-Breurey
11%
448 Ternuay-Melay-et-Saint-Hilaire
11%
382 Vouhenans
11%
310 Adelans-et-le-Val-de-Bithaine
10%
140 Anjeux
10%
238 Arpenans
10%
923 Beaujeu-Saint-Vallier-Pierrejux-et-Quitteur
10%
59 Beulotte-Saint-Laurent
10%
631 Brevilliers
10%
670 Chargey-lès-Gray
10%
234 Chargey-lès-Port
10%
495 Charmoille
10%
66 Châteney
10%
117 Châtenois
10%
266 Demangevelle
10%
283 Étobon
10%
711 Étuz
10%
184 Granges-la-Ville
10%
186 La Bruyère
10%
71 La Creuse
10%
67 Le Val-de-Gouhenans
10%
97 Le Val-Saint-Éloi
10%
267 Montcey
10%
151 Neurey-en-Vaux
10%
351 Neurey-lès-la-Demie
10%
243 Palante
10%
112 Pont-du-Bois
10%
72 Saponcourt
10%
126 Servigney
10%
388 Trémoins
10%
158 Varogne
10%
424 Vyans-le-Val
10%
183 Andornay
9%
604 Belles-Fontaines
9%
133 Cenans
9%
212 Chariez
9%
169 Coulevon
9%
127 Courmont
9%
51 Creveney
9%
200 Échavanne
9%
258 Faymont
9%
493 Fresne-Saint-Mamès
9%
381 Granges-le-Bourg
9%
213 Grattery
9%
928 Gray-la-Ville
9%
117 Hyet
9%
146 La Proiselière-et-Langle
9%
80 La Rosière
9%
112 La Vergenne
9%
166 La Villedieu-en-Fontenette
9%
150 La Villeneuve-Bellenoye-et-la-Maize
9%
215 Membrey
9%
371 Raze
9%
118 Rignovelle
9%
628 Rigny
9%
138 Scye
9%
151 Velleguindry-et-Levrecey
9%
526 Villers-le-Sec
9%
38 Visoncourt
9%
293 Vitrey-sur-Mance
9%
870 Voray-sur-l'Ognon
9%
99 Alaincourt
8%
67 Ambiévillers
8%
284 Beaumotte-lès-Pin
8%
140 Belverne
8%
118 Betoncourt-lès-Brotte
8%
26 Betoncourt-sur-Mance
8%
198 Bonboillon
8%
652 Boulot
8%
94 Chemilly
8%
74 Colombotte
8%
254 Crevans-et-la-Chapelle-lès-Granges
8%
233 Cult
8%
309 Fallon
8%
175 Gourgeon
8%
154 La Demie
8%
518 La Romaine
8%
121 Longevelle
8%
166 Magnivray
8%
131 Magny-Jobert
8%
340 Maizières
8%
367 Mignavillers
8%
196 Montureux-et-Prantigny
8%
445 Nantilly
8%
206 Ormoy
8%
144 Poyans
8%
330 Purgerot
8%
105 Rupt-sur-Saône
8%
659 Valay
8%
183 Vantoux-et-Longevelle
8%
167 Verlans
8%
204 Villafans
8%
196 Villers-sur-Port
8%
214 Aboncourt-Gesincourt
7%
267 Amoncourt
7%
241 Arbecey
7%
143 Aroz
7%
636 Athesans-Étroitefontaine
7%
258 Autet
7%
314 Authoison
7%
699 Boult
7%
124 Buffignécourt
7%
164 Chaux-lès-Port
7%
220 Chavanne
7%
96 Cintrey
7%
311 Coisevaux
7%
222 Confracourt
7%
116 Contréglise
7%
133 Cornot
7%
130 Esmoulins
7%
503 Gevigney-et-Mercey
7%
109 Jonvelle
7%
65 La Quarte
7%
78 La Vernotte
7%
156 Liévans
7%
337 Mandrevillars
7%
132 Mélecey
7%
506 Montagney
7%
73 Montdoré
7%
120 Montjustin-et-Velotte
7%
189 Mont-le-Vernois
7%
155 Montureux-lès-Baulay
7%
242 Provenchère
7%
252 Quenoche
7%
16 Ranzevelle
7%
35 Recologne
7%
253 Recologne-lès-Rioz
7%
94 Sauvigney-lès-Gray
7%
150 Sauvigney-lès-Pesmes
7%
184 Secenans
7%
471 Seveux-Motey
7%
26 Tartécourt
7%
166 Thieffrans
7%
237 Vallerois-le-Bois
7%
414 Vallerois-Lorioz
7%
527 Vellefaux
7%
80 Velloreille-lès-Choye
7%
132 Venisey
7%
135 Vernois-sur-Mance
7%
191 Villeparois
7%
131 Villers-sur-Saulnot
7%
128 Aillevans
6%
100 Aisey-et-Richecourt
6%
518 Ancier
6%
435 Apremont
6%
173 Augicourt
6%
96 Autrey-le-Vay
6%
135 Bard-lès-Pesmes
6%
160 Bay
6%
179 Bresilley
6%
438 Bussières
6%
317 Buthiers
6%
203 Cendrecourt
6%
190 Chambornay-lès-Bellevaux
6%
367 Chambornay-lès-Pin
6%
175 Champvans
6%
371 Cirey
6%
251 Cromary
6%
196 Delain
6%
149 Denèvre
6%
121 Équevilley
6%
95 Fédry
6%
37 Ferrières-lès-Ray
6%
130 Ferrières-lès-Scey
6%
117 Fouchécourt
6%
101 Francourt
6%
294 Frasne-le-Château
6%
33 Girefontaine
6%
46 Hurecourt
6%
71 Lambrey
6%
459 Loulans-Verchamp
6%
53 Marast
6%
64 Molay
6%
290 Montboillon
6%
109 Ouge
6%
60 Pont-sur-l'Ognon
6%
110 Raincourt
6%
23 Sainte-Reine
6%
80 Saint-Ferjeux
6%
89 Saint-Marcel
6%
122 Saint-Sulpice
6%
110 Semmadon
6%
188 Senoncourt
6%
576 Soing-Cubry-Charentenay
6%
108 Thiénans
6%
131 Vadans
6%
377 Velet
6%
129 Velle-le-Châtel
6%
85 Vellemoz
6%
207 Venère
6%
210 Vereux
6%
114 Villargent
6%
185 Villars-le-Pautel
6%
153 Villers-la-Ville
6%
153 Angirey
5%
156 Aulx-lès-Cromary
5%
375 Autoreille
5%
238 Auvet-et-la-Chapelotte
5%
88 Barges
5%
477 Beaumotte-Aubertans
5%
75 Besnans
5%
181 Betaucourt
5%
43 Betoncourt-Saint-Pancras
5%
86 Beveuge
5%
239 Blondefontaine
5%
391 Bonnevent-Velloreille
5%
94 Bougey
5%
61 Boursières
5%
121 Broye-les-Loups-et-Verfontaine
5%
170 Cemboing
5%
195 Chancey
5%
107 Chantes
5%
303 Charcenne
5%
191 Chaumercenne
5%
119 Chauvirey-le-Châtel
5%
30 Chauvirey-le-Vieil
5%
330 Chenevrey-et-Morogne
5%
104 Clans
5%
95 Cognières
5%
184 Cresancey
5%
206 Cugney
5%
43 Dampvalley-Saint-Pancras
5%
412 Essertenne-et-Cecey
5%
93 Étrelles-et-la-Montbleuse
5%
144 Germigney
5%
68 Grammont
5%
384 Grandvelle-et-le-Perrenot
5%
121 Hugier
5%
213 Igny
5%
38 La Basse-Vaivre
5%
151 La Chapelle-Saint-Quillain
5%
91 La Grande-Résie
5%
307 La Malachère
5%
170 La Résie-Saint-Martin
5%
291 La Roche-Morey
5%
122 Lavigney
5%
76 Les Bâties
5%
156 Le Tremblois
5%
53 Lieffrans
5%
65 Malvillers
5%
449 Mantoche
5%
132 Mercey-sur-Saône
5%
236 Moimay
5%
58 Noiron
5%
34 Oigney
5%
432 Oiselay-et-Grachaux
5%
56 Oppenans
5%
146 Ovanches
5%
364 Oyrières
5%
71 Percey-le-Grand
5%
114 Preigney
5%
114 Renaucourt
5%
156 Roche-et-Raucourt
5%
254 Rosey
5%
111 Saint-Broing
5%
144 Saint-Gand
5%
199 Savoyeux
5%
285 Senargent-Mignafans
5%
352 Sornay
5%
83 Tincey-et-Pontrebeau
5%
159 Traitiéfontaine
5%
121 Tromarey
5%
235 Vaite
5%
123 Vanne
5%
191 Vars
5%
117 Vauchoux
5%
103 Velleclaire
5%
122 Villers-Chemin-et-Mont-lès-Étrelles
5%
53 Villers-Pater
5%
159 Vougécourt
5%
70 Achey
3%
71 Argillières
3%
45 Arsans
3%
45 Attricourt
3%
422 Avrigney-Virey
3%
100 Baignes
3%
225 Battrans
3%
221 Borey
3%
76 Bourbévelle
3%
46 Bousseraucourt
3%
508 Broye-Aubigney-Montseugny
3%
280 Brussey
3%
84 Champtonnay
3%
32 Charmes-Saint-Valbert
3%
506 Chaux-la-Lotière
3%
36 Chevigney
3%
112 Citey
3%
601 Colombine
3%
143 Cordonnet
3%
137 Courcuire
3%
59 Courtesoult-et-Gatey
3%
62 Écuelle
3%
205 Fouvent-Saint-Andoche
3%
180 Framont
3%
213 Gézier-et-Fontenelay
3%
48 Grandecourt
3%
97 La Barre
3%
61 Larret
3%
86 Le Magnoray
3%
75 Lieucourt
3%
99 Lœuilley
3%
134 Malans
3%
58 Maussans
3%
314 Montarlot-lès-Rioz
3%
53 Montcourt
3%
134 Montot
3%
48 Mont-Saint-Léger
3%
90 Motey-Besuche
3%
61 Onay
3%
86 Ormenans
3%
195 Pennesières
3%
110 Pierrecourt
3%
52 Rosières-sur-Mance
3%
147 Ruhans
3%
124 Saint-Loup-Nantouard
3%
102 Theuley
3%
264 Trésilley
3%
216 Vauconcourt-Nervezain
3%
77 Vaux-le-Moncelot
3%
487 Velesmes-Échevanne
3%
115 Vellefrey-et-Vellefrange
3%
464 Vellexon-Queutrey-et-Vaudey
3%
177 Villers-Bouton
3%
57 Villers-Vaudey
3%
54 Volon
3%
177 Vregille
3%
106 Vandelans
2%
Aucun quiz correspondant
Distribution des résultats
% des personnes avec chaque résultat
Percentile par nombre de réponses
Votre historique - résultats
Vous n’avez pas pris ce quiz depuis la dernière actualisation